| 000 | 00788nam a2200253Ia 4500 | ||
|---|---|---|---|
| 003 | OSt | ||
| 005 | 20220926022944.0 | ||
| 006 | a|||||r|||| 00| 0 | ||
| 007 | ta | ||
| 008 | 220923b |||||||| |||| 00| 0 eng d | ||
| 020 | _c1378.81 | ||
| 037 |
_b44874/ _28.00, 20/10/2000, SSS _cGeneral Book |
||
| 040 |
_aRTL _cRTL _beng |
||
| 041 |
_2eng _aeng |
||
| 082 | _aX0cW, P0 | ||
| 100 |
_aChilcote Ronald H. _9114311 |
||
| 245 | 0 | _aTheories of comparative political economy | |
| 260 |
_aNew York _bWestview Press _c2000 |
||
| 300 |
_axiii, 316p _ccm. |
||
| 500 | _aBibliography chapterwise and: P 293-98 | ||
| 541 | _28.00, 20/10/2000, SSS | ||
| 650 | _aEconomics irt Political Science | ||
| 942 |
_hX0cW, P0 _cGB _2CC |
||
| 999 |
_c640649 _d640649 |
||